00290nam a2200121Ia 4500008004100000041000800041082001500049100001000064245002500074260003800099300002400137365000700161240624s9999 xx 000 0 und d aeng a657.45 ICF aICFAI aAUDITING II WORKBOOK c2004aHyderabadbICFAI University a338 : p. : cm. ; 27 cRS